Modi and his challenges / (Record no. 102330)
[ view plain ]
| 000 -LEADER | |
|---|---|
| fixed length control field | 00849nam a22002297a 4500 |
| 005 - DATE AND TIME OF LATEST TRANSACTION | |
| control field | 20170301111901.0 |
| 010 ## - LCCN (DPL NO) | |
| LC control number | 1617EN ENG-116992 |
| 020 ## - INTERNATIONAL STANDARD BOOK NUMBER | |
| International Standard Book Number | 9789384898342 |
| Terms of availability | 599.00 |
| 035 ## - SYSTEM CONTROL NUMBER | |
| System control number | B-649542-550 |
| 035 ## - SYSTEM CONTROL NUMBER | |
| System control number | EN-100524 |
| 037 ## - SOURCE OF ACQUISITION | |
| Stock number | dpl |
| Source of stock number/acquisition | Aakar |
| 037 ## - SOURCE OF ACQUISITION | |
| Source of stock number/acquisition | DBAD/PUB |
| 082 ## - DEWEY DECIMAL CLASSIFICATION NUMBER | |
| Classification number | 920 |
| 100 ## - MAIN ENTRY--PERSONAL NAME | |
| Personal name | Rajiv Kumar |
| 245 ## - TITLE STATEMENT | |
| Title | Modi and his challenges / |
| Statement of responsibility, etc | by Rajiv Kumar |
| 260 ## - PUBLICATION, DISTRIBUTION, ETC. (IMPRINT) | |
| Place of publication, distribution, etc | New Delhi |
| Name of publisher, distributor, etc | Bloomsbury Pub. |
| Date of publication, distribution, etc | 2016 |
| 270 ## - ADDRESS | |
| Address | 2nd Floor, LSC Building No.4, DDA Complex, Pocket-C-6&7, Vasant Kunj, |
| City | New Delhi |
| Postal code | 110070 |
| 300 ## - PHYSICAL DESCRIPTION | |
| Extent | xii,317p. |
| Dimensions | 25cm(Hb) |
| 504 ## - BIBLIOGRAPHY, ETC. NOTE | |
| Bibliography, etc | Includes bibliographical references and index |
| 942 ## - ADDED ENTRY ELEMENTS (KOHA) | |
| Source of classification or shelving scheme | Dewey Decimal Classification |
| Item type | English Books |
| Call number suffix | RAJ |
| Classification part | 920 |
| Withdrawn status | Lost status | Not for loan | Collection code | Home library | Current library | Date acquired | Source of acquisition | Cost, normal purchase price | Full call number | Barcode | Copy number | Cost, replacement price | Koha item type |
|---|---|---|---|---|---|---|---|---|---|---|---|---|---|
| Not For Loan | Non-fiction | D.B.Act.Division | Bawana | 02/01/2017 | DBAD/PUB | 599.00 | 920 RAJ | EN-100524 | 1 | 599.00 | English Books | ||
| Non-fiction | Central Library | Central Library | 01/03/2017 | BPPD/EN/2016-17/285/24.11.2016/I-2591/8.12.2016/2.1.17 | 599.00 | 920 RAJ | B-649542 | 1 | 599.00 | English Books | |||
| Non-fiction | Janak Puri | Janak Puri | 01/03/2017 | BPPD/EN/2016-17/285/24.11.2016/I-2591/8.12.2016/2.1.17 | 599.00 | 920 RAJ | B-649546 | 1 | 599.00 | English Books | |||
| Non-fiction | Karol Bagh | Karol Bagh | 01/03/2017 | BPPD/EN/2016-17/285/24.11.2016/I-2591/8.12.2016/2.1.17 | 599.00 | 920 RAJ | B-649548 | 1 | 599.00 | English Books | |||
| Non-fiction | Kasturba Gandhi Marg | Kasturba Gandhi Marg | 01/03/2017 | BPPD/EN/2016-17/285/24.11.2016/I-2591/8.12.2016/2.1.17 | 599.00 | 920 RAJ | B-649545 | 1 | 599.00 | English Books | |||
| Non-fiction | New Police Line | New Police Line | 01/03/2017 | BPPD/EN/2016-17/285/24.11.2016/I-2591/8.12.2016/2.1.17 | 599.00 | 920 RAJ | B-649543 | 1 | 599.00 | English Books | |||
| Non-fiction | Patel Nagar | Patel Nagar | 01/03/2017 | BPPD/EN/2016-17/285/24.11.2016/I-2591/8.12.2016/2.1.17 | 599.00 | 920 RAJ | B-649544 | 1 | 599.00 | English Books | |||
| Non-fiction | Sarojini Nagar | Sarojini Nagar | 01/03/2017 | BPPD/EN/2016-17/285/24.11.2016/I-2591/8.12.2016/2.1.17 | 599.00 | 920 RAJ | B-649547 | 1 | 599.00 | English Books | |||
| Non-fiction | Shahdara Branch | Shahdara Branch | 01/03/2017 | BPPD/EN/2016-17/285/24.11.2016/I-2591/8.12.2016/2.1.17 | 599.00 | 920 RAJ | B-649549 | 1 | 599.00 | English Books | |||
| Non-fiction | Yojana Vihar | Yojana Vihar | 01/03/2017 | BPPD/EN/2016-17/285/24.11.2016/I-2591/8.12.2016/2.1.17 | 599.00 | 920 RAJ | B-649550 | 1 | 599.00 | English Books |
